| 000 | 00859cab a2200241 4500 | ||
|---|---|---|---|
| 001 | ABS58231 | ||
| 008 | 090401t1998 xxu||||| |||| 00| 0 eng d | ||
| 035 | _a(Sirsi) u83284 | ||
| 041 | _aeng | ||
| 100 | _aDoyle, C. | ||
| 245 | _aDon`t get in a fix about capital allowances | ||
| 260 | _c1998 | ||
| 350 | _a0 | ||
| 490 |
_aCSM _bChartered Surveyor Monthly _vJanuary 1998, 50-51(2) |
||
| 520 | _aDescribes legislative changes to capital allowances which those engaged in commercial property transactions should be aware of. The changes introduced by the Finance Act 1997 close certain loopholes and simplify certain capital allowance claims. Examples. | ||
| 650 | _aCAPITAL ALLOWANCES | ||
| 650 | _aPROPERTY-COMMERCIAL PROPERTY | ||
| 650 | _aFINANCE ACT 1997 | ||
| 650 | _aFIXTURES | ||
| 690 | _aTAXATION | ||
| 942 | _n0 | ||
| 948 | _c23/01/1998 | ||
| 999 |
_c52596 _d52596 |
||